Problemy regional'nogo upravlenija naučno-techničeskim progressom teorija, metodika, praktika
Enregistré dans:
| Format: | Livre |
|---|---|
| Langue: | russe |
| Publié: |
Moskva
Nauka
1984
|
| Tags: |
Pas de tags, Soyez le premier à ajouter un tag!
|
MARC
| LEADER | 00000nam a2200000 4500 | ||
|---|---|---|---|
| 001 | c106580 | ||
| 005 | 20250108091102.4 | ||
| 041 | 0 | |a rus | |
| 044 | |a RU | ||
| 245 | 1 | 0 | |a Problemy regional'nogo upravlenija naučno-techničeskim progressom |b teorija, metodika, praktika |c Red. Ja.S. Podstrigač |
| 264 | 1 | |a Moskva |b Nauka |c 1984 | |
| 300 | |a 287 s. | ||